000 00661nam a2200289Ia 4500
005 20260324144858.0
008 008 260324s9999 xx 000 0 eng d
020 _a9780429038273
037 _aEBOOK
040 _aCRL
040 _beng
040 _cCRL
041 _2eng
041 _aeng
084 _qCRL
100 _aPaul Viotti
_91220945
245 0 _aConflict And Arms Control
245 3 _bAn Uncertain Agenda
260 _bTaylor and Francis
260 _c1986
365 _a
365 _b230
856 _uhttp://www.taylorfrancis.com/books/9780429038273
942 _cEBOOK
999 _c1828115
_d1828115